| 000 | 00826nam a22002177a 4500 | ||
|---|---|---|---|
| 999 |
_c20335 _d20335 |
||
| 003 | AR-CdUCM | ||
| 008 | 190529b ||||| |||| 00| 0 spa d | ||
| 040 |
_aMUNICIPALIDAD PROVINCIAL DEL CUSCO _cBIBLIOTECA MUNICIPAL DEL CUSCO |
||
| 082 |
_a510.51 / _bB36 |
||
| 100 |
_aBellman, Richard _942516 |
||
| 245 |
_aIntroducción al análisis matricial : _bUn estudio de la moderna teoría de matrices / |
||
| 260 |
_aNueva York : _bReverté, _c1965. |
||
| 300 |
_a362 páginas ; _c23 cm. |
||
| 500 | _aVersión española por José Javier Etayo. | ||
| 505 | _aContenido: Máximos y mínimos -- Vectores y matrices -- Diagonalización y formas canónicas para matrices simétricas... | ||
| 650 |
_aMatrices _940714 |
||
| 650 |
_aVectores _919475 |
||
| 650 |
_aAnálisis matricial _942517 |
||
| 942 |
_2ddc _cLIBROS |
||
| 945 | _aAndy | ||